[Event "26th open TETEVEN"]
[Site "Teteven"]
[Date "2011.08.19"]
[Round "7.15"]
[White "Burdarev, Evgeni"]
[Black "Atanasov, Margarit"]
[Result "1/2-1/2"]
[WhiteElo "2012"]
[BlackElo "1770"]
[PlyCount "78"]
[EventDate "2011.08.??"]
[EventType "swiss"]
[EventRounds "9"]
[EventCountry "BUL"]

1. d4 Nf6 2. c4 g6 3. Nc3 d5 4. cxd5 Nxd5 5. e4 Nb6 6. Be3 Bg7 7. h3 O-O 8. f4
N8d7 9. Nf3 Nf6 10. Be2 Nh5 11. Kf2 Nf6 12. Rf1 Bg4 13. e5 Bxf3 14. Bxf3 Nfd5
15. Nxd5 Nxd5 16. Bxd5 Qxd5 17. Qc2 e6 18. Rfc1 c6 19. Qc4 Qd7 20. Rc3 Rfc8 21.
Rac1 Bf8 22. a3 Be7 23. g4 Bd8 24. Kf3 Bb6 25. Qd3 Rd8 26. Rd1 Qc8 27. Qe4 Rd5
28. Kg3 Qd7 29. b4 Rd8 30. Rcd3 c5 31. bxc5 Bxc5 32. R1d2 Bb6 33. h4 Kh8 34. f5
gxf5 35. Qf4 f6 36. Qh6 fxe5 37. Bg5 Rc8 38. Bf6+ Kg8 39. gxf5 Qf7 1/2-1/2

[Event "26th open TETEVEN"]
[Site "Teteven"]
[Date "2011.08.19"]
[Round "7.18"]
[White "Stefanov, Emil"]
[Black "Bochev, Krasimir"]
[Result "1/2-1/2"]
[WhiteElo "1702"]
[BlackElo "2130"]
[PlyCount "30"]
[EventDate "2011.08.??"]
[EventType "swiss"]
[EventRounds "9"]
[EventCountry "BUL"]

1. d4 Nf6 2. c4 e6 3. Nc3 d5 4. Bg5 Be7 5. e3 O-O 6. Nf3 h6 7. Bh4 Ne4 8. Bxe7
Qxe7 9. Qc2 Nxc3 10. Qxc3 c6 11. Be2 Nd7 12. O-O dxc4 13. Bxc4 b6 14. b4 Bb7
15. Be2 a5 1/2-1/2

[Event "26th open TETEVEN"]
[Site "Teteven"]
[Date "2011.08.19"]
[Round "7.19"]
[White "Varbanov, Varban"]
[Black "Nikolov, Rumen"]
[Result "1/2-1/2"]
[WhiteElo "2127"]
[BlackElo "1819"]
[PlyCount "67"]
[EventDate "2011.08.??"]
[EventType "swiss"]
[EventRounds "9"]
[EventCountry "BUL"]

1. d4 b5 2. e3 Bb7 3. Nf3 a6 4. Be2 Nf6 5. O-O e6 6. c3 Be7 7. b3 O-O 8. Bb2 d6
9. Nbd2 Nbd7 10. c4 b4 11. Qc2 c5 12. Rad1 a5 13. a4 Qc7 14. Ne1 e5 15. dxe5
dxe5 16. Bf3 Rad8 17. Bxb7 Qxb7 18. Nef3 Bd6 19. Ng5 Bb8 20. Nge4 Qc7 21. g3 h6
22. Nxf6+ Nxf6 23. Ne4 Nxe4 24. Qxe4 f5 25. Qf3 e4 26. Qe2 Rxd1 27. Rxd1 Rd8
28. Kg2 Rxd1 29. Qxd1 Qd6 30. Qe2 Qd7 31. Ba1 Bc7 32. Qb2 Kh7 33. Qe2 Qe7 34.
Qb2 1/2-1/2

[Event "26th open TETEVEN"]
[Site "Teteven"]
[Date "2011.08.19"]
[Round "7.20"]
[White "Petrov, Martin"]
[Black "Vasilev, Dimitar P"]
[Result "0-1"]
[WhiteElo "1933"]
[BlackElo "1820"]
[PlyCount "58"]
[EventDate "2011.08.??"]
[EventType "swiss"]
[EventRounds "9"]
[EventCountry "BUL"]

1. e4 e6 2. d4 d5 3. Nd2 dxe4 4. Nxe4 Be7 5. Bd3 Nf6 6. Nf3 Nbd7 7. O-O O-O 8.
h3 b6 9. Bf4 Bb7 10. Nxf6+ Nxf6 11. c3 Rc8 12. Qe2 Qd5 13. Rfe1 Rfd8 14. Be5 c5
15. Bc4 Qd7 16. Bb5 Bc6 17. Bxc6 Qxc6 18. Rad1 h6 19. Bh2 Qb7 20. dxc5 Bxc5 21.
Ne5 b5 22. Rxd8+ Rxd8 23. Rd1 Qb6 24. Nd3 Rd5 25. Nxc5 Qxc5 26. Bf4 a6 27. Kf1
$4 Rxd1+ 28. Qxd1 Qc4+ 29. Ke1 Qxf4 0-1

[Event "26th open TETEVEN"]
[Site "Teteven"]
[Date "2011.08.20"]
[Round "8.2"]
[White "Ivanov, Stojan Lubomirov"]
[Black "Enchev, Ivajlo"]
[Result "1/2-1/2"]
[WhiteElo "2247"]
[BlackElo "2435"]
[PlyCount "128"]
[EventDate "2011.08.??"]
[EventType "swiss"]
[EventRounds "9"]
[EventCountry "BUL"]

1. e4 c5 2. Nf3 e6 3. d4 cxd4 4. Nxd4 a6 5. c4 Nf6 6. Nc3 Bb4 7. Bd3 Qc7 8. O-O
O-O 9. Qe2 Bxc3 10. bxc3 e5 11. Nf5 d6 12. Ne3 Be6 13. f4 exf4 14. Rxf4 Nbd7
15. Nd5 Bxd5 16. exd5 Rae8 17. Qf2 Qc5 18. Qd4 Re1+ 19. Rf1 Rxf1+ 20. Kxf1 Re8
21. Bf4 Qc7 22. Re1 Rxe1+ 23. Kxe1 Nc5 24. Bf5 Qe7+ 25. Kd1 Nfd7 26. Bxd7 Qxd7
27. Ke1 h6 28. h3 Qe7+ 29. Kf1 f5 30. Bc1 Ne4 31. Ba3 f4 32. Qd3 b6 33. Bc1 Qe5
34. Bd2 Ng3+ 35. Kg1 Nf5 36. Kf2 Ng3 37. Kg1 a5 38. Qf3 g5 39. Qg4 Qf5 40. Qxf5
Nxf5 41. Kf2 Kf7 42. Kf3 Kf6 43. Be1 Ne3 44. g3 Kf5 45. gxf4 gxf4 46. Bd2 Nxc4
47. Bxf4 h5 48. Bh2 b5 49. Bf4 Nb6 50. Bxd6 Nxd5 51. a3 Nxc3 52. Ke3 Ke6 53.
Bf8 Kd5 54. Kf4 Nb1 55. Kg5 Nxa3 56. Bxa3 b4 57. Bc1 a4 58. Kxh5 a3 59. h4 Kc4
60. Kg5 Kb3 61. Bf4 Kc2 62. h5 b3 63. h6 a2 64. Be5 b2 1/2-1/2

[Event "26th open TETEVEN"]
[Site "Teteven"]
[Date "2011.08.20"]
[Round "8.3"]
[White "Andreev, Stanislav"]
[Black "Daskalov, Dimitar"]
[Result "1-0"]
[WhiteElo "2154"]
[BlackElo "2035"]
[PlyCount "95"]
[EventDate "2011.08.??"]
[EventType "swiss"]
[EventRounds "9"]
[EventCountry "BUL"]

1. d4 Nf6 2. c4 g6 3. Nc3 Bg7 4. e4 d6 5. f3 O-O 6. Be3 e5 7. d5 c6 8. Bd3 cxd5
9. cxd5 Nh5 10. Nge2 f5 11. exf5 gxf5 12. O-O f4 13. Bf2 Nd7 14. Ne4 Ndf6 15.
N2c3 h6 16. Qc2 Nxe4 17. Nxe4 Nf6 18. Nxf6+ Qxf6 19. Rac1 Bf5 20. Bxf5 Qxf5 21.
Qxf5 Rxf5 22. Rc7 Rf7 23. Rfc1 Raf8 24. Bxa7 e4 25. Rxf7 Rxf7 26. Rc8+ Kh7 27.
fxe4 Bxb2 28. Kf2 Be5 29. Kf3 Kg6 30. Bb6 h5 31. a4 h4 32. Rc7 Rf8 33. Rxb7 h3
34. gxh3 Rh8 35. Kg2 f3+ 36. Kxf3 Rxh3+ 37. Ke2 Rxh2+ 38. Kd3 Ra2 39. a5 Ra4
40. Ra7 Rb4 41. Rc7 Kg5 42. Rc6 Ra4 43. a6 Kf4 44. a7 Ra3+ 45. Kc2 Kxe4 46. Rc8
Ra2+ 47. Kb3 Rb2+ 48. Ka3 1-0

[Event "26th open TETEVEN"]
[Site "Teteven"]
[Date "2011.08.20"]
[Round "8.4"]
[White "Pantev, Veselin"]
[Black "Nikolov, Sasho"]
[Result "0-1"]
[WhiteElo "2377"]
[BlackElo "2412"]
[PlyCount "92"]
[EventDate "2011.08.??"]
[EventType "swiss"]
[EventRounds "9"]
[EventCountry "BUL"]

1. d4 c5 2. d5 d6 3. c4 g6 4. e4 Bg7 5. Bd3 e6 6. Qa4+ Nd7 7. dxe6 fxe6 8. f4
Ne7 9. Nf3 O-O 10. Nc3 a6 11. O-O b5 12. cxb5 d5 13. Qd1 c4 14. Be2 Bxc3 15.
bxc3 axb5 16. Kh1 Nf6 17. exd5 exd5 18. Be3 Ne4 19. Bd4 Rxf4 20. Nd2 Rxf1+ 21.
Qxf1 Nxd2 22. Qf6 Qf8 23. Qh8+ Kf7 24. Qxh7+ Ke8 25. Bc5 Ra6 26. Rd1 Ne4 27.
Bd4 Nf2+ 28. Bxf2 Qxf2 29. Qh8+ Qf8 30. Qd4 Qf6 31. Qc5 Qb6 32. Qb4 Rxa2 33.
Bf3 Be6 34. Qb1 Rf2 35. Re1 Kf7 36. Qc1 Nf5 37. Qf4 Qd6 38. Qg5 Qe7 39. Qf4 Qd6
40. Qg5 Qe5 41. Qc1 Qf6 42. Qa3 Rxf3 43. gxf3 Nh4 44. Qa7+ Kg8 45. Re3 Bf7 46.
Qa2 Nf5 0-1

[Event "26th open TETEVEN"]
[Site "Teteven"]
[Date "2011.08.20"]
[Round "8.5"]
[White "Bratanov, Zsivko"]
[Black "Ninov, Dayan"]
[Result "1-0"]
[WhiteElo "2457"]
[BlackElo "2094"]
[PlyCount "67"]
[EventDate "2011.08.??"]
[EventType "swiss"]
[EventRounds "9"]
[EventCountry "BUL"]

1. d4 d5 2. c4 c6 3. Nf3 Nf6 4. Nc3 dxc4 5. e4 b5 6. e5 Nd5 7. Ng5 e6 8. g3 h6
9. Nge4 Nd7 10. Bg2 Be7 11. Qg4 g6 12. O-O Bb7 13. Rd1 a5 14. h4 Qb6 15. Qf3 c5
16. dxc5 Bxc5 17. Nxd5 Bxd5 18. Rxd5 exd5 19. Nd6+ Bxd6 20. Qxd5 Rd8 21. exd6
O-O 22. Be3 Qb8 23. Rd1 h5 24. Bg5 Rc8 25. Qd4 f6 26. Bf4 Qb6 27. Qe4 Kg7 28.
Be3 Qd8 29. Qf4 Rh8 30. Bd4 Re8 31. Bh3 Rf8 32. Re1 Ne5 {Diagram #} 33. Rxe5
fxe5 34. Qxe5+ 1-0

[Event "26th open TETEVEN"]
[Site "Teteven"]
[Date "2011.08.20"]
[Round "8.13"]
[White "Vladimirov, Ivo"]
[Black "Burdarev, Evgeni"]
[Result "1/2-1/2"]
[WhiteElo "2086"]
[BlackElo "2012"]
[PlyCount "56"]
[EventDate "2011.08.??"]
[EventType "swiss"]
[EventRounds "9"]
[EventCountry "BUL"]

1. d4 d5 2. c4 c6 3. Nc3 Nf6 4. e3 a6 5. c5 Bf5 6. Bd3 Bxd3 7. Qxd3 Nbd7 8. Nf3
Qc7 9. O-O e5 10. Nh4 g6 11. b4 Be7 12. g3 O-O 13. Bb2 Ng4 14. Ng2 f5 15. f3
Ngf6 16. e4 fxe4 17. fxe4 exd4 18. Qxd4 b6 19. exd5 bxc5 20. Qe3 Qe5 21. dxc6
Ng4 22. Qd3 Nb6 23. Rfe1 Qh5 24. h4 Ne5 25. Rxe5 Qxe5 26. Re1 Qd6 27. Qxd6 Bxd6
28. Ne4 Nc4 1/2-1/2

[Event "26th open TETEVEN"]
[Site "Teteven"]
[Date "2011.08.20"]
[Round "8.14"]
[White "Atanasov, Margarit"]
[Black "Mahlev, Atanas"]
[Result "1-0"]
[WhiteElo "1770"]
[BlackElo "1932"]
[PlyCount "45"]
[EventDate "2011.08.??"]
[EventType "swiss"]
[EventRounds "9"]
[EventCountry "BUL"]

1. e4 c5 2. Nf3 d6 3. d4 cxd4 4. Nxd4 Nf6 5. Nc3 a6 6. Bg5 Nbd7 7. f4 Qc7 8.
Qf3 g6 9. O-O-O Bg7 10. g4 h6 11. Bxf6 Nxf6 12. f5 O-O 13. h4 Nh7 14. Nd5 Qd8
15. Bc4 e6 16. Ne3 Qe7 17. Bb3 Bd7 18. Kb1 b5 19. Qg3 Rac8 20. Nf3 Rc6 21. g5
exf5 22. gxh6 Bh8 {Diagram #} 23. Qxg6+ 1-0

[Event "26th open TETEVEN"]
[Site "Teteven"]
[Date "2011.08.20"]
[Round "8.15"]
[White "Dragieva, Denitza"]
[Black "Arnaudov, Petar"]
[Result "1-0"]
[WhiteElo "1885"]
[BlackElo "2194"]
[PlyCount "65"]
[EventDate "2011.08.??"]
[EventType "swiss"]
[EventRounds "9"]
[EventCountry "BUL"]

1. d4 Nf6 2. Nf3 b5 3. Bg5 Ne4 4. Bh4 Bb7 5. Nbd2 Qc8 6. e3 a6 7. a4 b4 8. Nxe4
Bxe4 9. Nd2 Bb7 10. e4 e6 11. Bd3 Nc6 12. c3 bxc3 13. bxc3 Be7 14. Bg3 d6 15.
f4 O-O 16. O-O Na5 17. Qh5 c5 18. f5 g6 19. Qh6 Qd8 {Diagram #} 20. Bxd6 Bg5
21. Qxf8+ Qxf8 22. Bxf8 Rxf8 23. Nf3 Be3+ 24. Kh1 exf5 25. exf5 cxd4 26. cxd4
Kg7 27. Rae1 Bf4 28. f6+ Kh6 29. Ne5 g5 30. Kg1 Bd2 31. Re2 Bc3 32. h4 Bxd4+
33. Kh2 1-0

[Event "26th open TETEVEN"]
[Site "Teteven"]
[Date "2011.08.20"]
[Round "8.16"]
[White "Malay, Sergey"]
[Black "Monev, Alexander"]
[Result "0-1"]
[WhiteElo "1843"]
[BlackElo "2135"]
[PlyCount "66"]
[EventDate "2011.08.??"]
[EventType "swiss"]
[EventRounds "9"]
[EventCountry "BUL"]

1. c4 c5 2. g3 g6 3. Bg2 Bg7 4. Nf3 Nc6 5. O-O e6 6. Nc3 Nge7 7. d3 O-O 8. Bd2
b6 9. a3 Bb7 10. Rb1 d5 11. cxd5 Nxd5 12. Nxd5 Qxd5 13. Bc3 Nd4 14. Bxd4 Bxd4
15. Ne1 Qd7 16. Bxb7 Qxb7 17. Nf3 Bg7 18. b4 Rac8 19. b5 Rcd8 20. Nd2 e5 21.
Qb3 Kh8 22. Rbd1 f5 23. a4 Rd4 24. Nc4 Qf7 25. e3 Rd7 26. f4 exf4 27. gxf4 g5
28. fxg5 Qh5 29. Qc2 Qxg5+ 30. Kh1 f4 31. Rxf4 Rxf4 32. exf4 Qd5+ 33. Qg2 Qxc4
0-1

[Event "26th open TETEVEN"]
[Site "Teteven"]
[Date "2011.08.20"]
[Round "8.20"]
[White "Nikolov, Rumen"]
[Black "Andreev, Krasimir"]
[Result "1-0"]
[WhiteElo "1819"]
[BlackElo "1990"]
[PlyCount "65"]
[EventDate "2011.08.??"]
[EventType "swiss"]
[EventRounds "9"]
[EventCountry "BUL"]

1. e4 c5 2. Nf3 d6 3. d4 cxd4 4. Nxd4 Bd7 5. Nc3 Nc6 6. Be3 a6 7. Qd2 g6 8.
O-O-O Bg7 9. f3 Nxd4 10. Bxd4 Bh6 11. f4 Nf6 12. Bxf6 exf6 13. Qxd6 Bg4 14.
Qxd8+ Rxd8 15. Rxd8+ Kxd8 16. g3 Bf3 17. Rg1 g5 18. Be2 Bxe2 19. Nxe2 Re8 20.
Rd1+ Kc7 21. Rd4 f5 22. Kd2 gxf4 23. gxf4 Rg8 24. exf5 Rg2 25. Re4 Kd8 26. Kd3
Rxh2 27. f6 Bf8 28. Nc3 Rh3+ 29. Kc4 Rh2 30. Rd4+ Kc7 31. Nd5+ Kd6 32. Ne3+ Ke6
33. f5+ 1-0

[Event "26th open TETEVEN"]
[Site "Teteven"]
[Date "2011.08.21"]
[Round "9.1"]
[White "Petkov, Vladimir"]
[Black "Bratanov, Zsivko"]
[Result "1/2-1/2"]
[WhiteElo "2490"]
[BlackElo "2457"]
[PlyCount "151"]
[EventDate "2011.08.??"]
[EventType "swiss"]
[EventRounds "9"]
[EventCountry "BUL"]

1. Nf3 g6 2. d4 Bg7 3. e4 d6 4. Bc4 e6 5. O-O Ne7 6. Re1 a6 7. c3 h6 8. Nbd2
Nd7 9. Nf1 O-O 10. Bb3 c5 11. Bf4 cxd4 12. cxd4 Nf6 13. h3 b5 14. Qd2 g5 15.
Bh2 Ng6 16. Rad1 Bb7 17. Bc2 Nh5 18. Ng3 Nhf4 19. Ne2 Nh5 20. Qb4 Rc8 21. Bb1
f5 22. Qxd6 Qxd6 23. Bxd6 Rfd8 24. Bc5 fxe4 25. Nd2 Ngf4 26. Nxf4 Nxf4 27. Bxe4
Bxd4 28. Bxd4 Rxd4 29. Bxb7 Rcd8 30. Bxa6 Rxd2 31. Rxd2 Rxd2 32. Bxb5 Rxb2 33.
Bc4 Kg7 34. Ra1 Rb4 35. Bb3 e5 36. Re1 e4 37. Kf1 Nd3 38. Re3 Kf6 39. Re2 Nc5
40. Rb2 Ke5 41. g3 h5 42. Rb1 h4 43. Kg2 Nd3 44. Bc2 Rc4 45. Bd1 Kd4 46. a4 Rc5
47. Ra1 Rf5 48. Ra2 Ra5 49. Bg4 Nc5 50. Bd1 Nd3 51. Bh5 Ne1+ 52. Kh2 Nd3 53.
Be8 Re5 54. Bb5 Rf5 55. Kg2 Rc5 56. Ra1 Rc2 57. Bxd3 $4 (57. gxh4 $11) 57...
exd3 58. Kf3 d2 59. Rd1 Kd3 60. a5 Rc4 61. a6 Ra4 62. a7 Rxa7 63. Kg4 Ke2 64.
Rxd2+ Kxd2 65. Kxg5 Ra5+ 66. Kg6 Ra4 67. Kg5 hxg3 68. fxg3 Ke3 69. h4 Kf3 70.
h5 Kxg3 $4 (70... Ra5+ 71. Kg6 Kg4 72. h6 Ra6+ 73. Kg7 Kg5 74. h7 Ra7+ 75. Kg8
Kg6 76. h8=N+ Kf6 77. g4 Rg7+ 78. Kf8 Rh7 $19) 71. h6 Ra7 72. Kg6 Kf4 73. h7
Ra8 74. Kg7 Kg5 75. h8=Q Rxh8 76. Kxh8 1/2-1/2

[Event "26th open TETEVEN"]
[Site "Teteven"]
[Date "2011.08.21"]
[Round "9.3"]
[White "Enchev, Ivajlo"]
[Black "Todorov, Ognjan"]
[Result "1/2-1/2"]
[WhiteElo "2435"]
[BlackElo "2308"]
[PlyCount "38"]
[EventDate "2011.08.??"]
[EventType "swiss"]
[EventRounds "9"]
[EventCountry "BUL"]

1. d4 d5 2. c4 e6 3. Nc3 Be7 4. Nf3 Nf6 5. Bg5 h6 6. Bh4 O-O 7. e3 Ne4 8. Bxe7
Qxe7 9. Rc1 c6 10. Bd3 Nxc3 11. Rxc3 Nd7 12. O-O dxc4 13. Bxc4 b6 14. Bd3 c5
15. Bb5 Rd8 16. Bc6 Rb8 17. Qa4 Bb7 18. dxc5 Bxc6 19. Qxc6 Nxc5 1/2-1/2

[Event "26th open TETEVEN"]
[Site "Teteven"]
[Date "2011.08.21"]
[Round "9.4"]
[White "Nikolov, Sasho"]
[Black "Stoyanov, Stojan Slavov"]
[Result "1-0"]
[WhiteElo "2412"]
[BlackElo "2098"]
[PlyCount "85"]
[EventDate "2011.08.??"]
[EventType "swiss"]
[EventRounds "9"]
[EventCountry "BUL"]

1. e4 c5 2. Nf3 a6 3. c3 g6 4. d4 cxd4 5. cxd4 Bg7 6. Nc3 Nc6 7. Be2 d6 8. h3
Nf6 9. O-O O-O 10. Bg5 h6 11. Bh4 Nd7 12. Nd5 g5 13. Bg3 e6 14. Ne3 Nf6 15. d5
exd5 16. exd5 Ne7 17. Qb3 Ne4 18. Bh2 f5 19. Rad1 b5 20. Nd4 f4 21. Nec2 Qb6
22. Bg4 Nf5 23. Ne6 Nc5 24. Nxc5 dxc5 25. Rfe1 Bd7 26. h4 Nd4 27. Nxd4 Bxg4 28.
Nf3 Rad8 29. hxg5 hxg5 30. Nxg5 Bxd1 31. Rxd1 Qg6 32. Ne6 c4 33. Qf3 Bxb2 34.
Nxf8 Rxf8 35. d6 Bf6 36. Bxf4 Rd8 37. d7 c3 38. Qc6 Qf5 39. g3 c2 40. Rd5 Qg4
41. Qxf6 Qd1+ 42. Kh2 Qxd5 43. Qxd8+ 1-0

[Event "26th open TETEVEN"]
[Site "Teteven"]
[Date "2011.08.21"]
[Round "9.6"]
[White "Janchev, Petar"]
[Black "Galunova, Tsveta"]
[Result "1/2-1/2"]
[WhiteElo "2140"]
[BlackElo "1977"]
[PlyCount "64"]
[EventDate "2011.08.??"]
[EventType "swiss"]
[EventRounds "9"]
[EventCountry "BUL"]

1. Nf3 Nf6 2. c4 c6 3. Nc3 d5 4. e3 e6 5. Qc2 Be7 6. b3 O-O 7. Bb2 Nbd7 8. d4
b6 9. Bd3 Bb7 10. O-O h6 11. Rfd1 c5 12. cxd5 exd5 13. Rac1 Rc8 14. Qe2 Ne4 15.
Ba6 Bxa6 16. Qxa6 cxd4 17. Nxd5 Rxc1 18. Rxc1 Ndc5 19. Nxe7+ Qxe7 20. Qe2 d3
21. Qd1 Rd8 22. Bd4 f6 23. b4 d2 24. Nxd2 Nxd2 25. bxc5 bxc5 26. Qxd2 cxd4 27.
exd4 Qe4 28. Rd1 Rc8 29. d5 Rc2 30. Qe3 Qxe3 31. fxe3 Kf7 32. d6 Ke8 1/2-1/2

[Event "26th open TETEVEN"]
[Site "Teteven"]
[Date "2011.08.21"]
[Round "9.8"]
[White "Daskalov, Dimitar"]
[Black "Petrov, Vladimir Sergeev"]
[Result "1-0"]
[WhiteElo "2035"]
[BlackElo "1793"]
[PlyCount "167"]
[EventDate "2011.08.??"]
[EventType "swiss"]
[EventRounds "9"]
[EventCountry "BUL"]

1. e4 c5 2. Nc3 d6 3. f4 Nc6 4. Bb5 g6 5. Bxc6+ bxc6 6. d3 Rb8 7. Nf3 Bg7 8.
O-O e6 9. e5 d5 10. Na4 Bf8 11. c4 d4 12. Ng5 Nh6 13. Ne4 Be7 14. Naxc5 O-O 15.
Nb3 Nf5 16. g4 Ng7 17. g5 Nf5 18. Nf6+ Bxf6 19. gxf6 Qb6 20. Qe1 Bb7 21. Qa5
Rfc8 22. Qxb6 axb6 23. c5 Ba6 24. Rf3 b5 25. a3 Rd8 26. Na5 Rbc8 27. b4 h6 28.
Ra2 Kh7 29. Re2 Rd7 30. Kh1 Ra7 31. Nb3 Rd8 32. Nd2 Bc8 33. Ne4 Kg8 34. Bb2 Rd5
35. Nd6 Bd7 36. Re4 Ra4 37. Rf1 Ra7 38. Ra1 Ra4 39. Nxf5 exf5 40. Rxd4 Rxd4 41.
Bxd4 Be6 42. Bb2 Kf8 43. Kg2 Ke8 44. Kf2 Kd7 45. Rg1 Bd5 46. Rg3 Ke6 47. Rh3 h5
48. Kg3 Ba2 49. Kh4 Bd5 50. Kg5 Ba2 51. Kh6 Bd5 52. Kg7 Ba2 53. Rg3 Bd5 54. Rg1
Bb3 55. Rg2 Bd5 56. Rd2 Bb3 57. Re2 Bd5 58. Re1 Bb3 59. Ra1 Bd5 60. Bd4 Bb3 61.
Bf2 Bd5 62. Bh4 Bb3 63. Bg5 Bd5 64. Bh6 Bb3 65. Kg8 Bd5 66. Bf8 Bb3 67. Be7 Bd5
68. Kg7 Bb3 69. Bd8 Kd7 70. Ba5 Be6 71. d4 Bd5 {Diagram #} 72. e6+ Bxe6 73. Kf8
Bd5 74. Re1 Be6 75. Re3 h4 76. h3 g5 77. fxg5 f4 78. Rf3 Bd5 79. Rxf4 Rxa3 80.
g6 fxg6 81. Rxh4 Rf3 82. Rh7+ Ke6 83. Bd8 Rf4 84. Re7+ 1-0

[Event "26th open TETEVEN"]
[Site "Teteven"]
[Date "2011.08.21"]
[Round "9.10"]
[White "Yankov, Kristian"]
[Black "Ivanov, Borislav"]
[Result "1-0"]
[WhiteElo "1867"]
[BlackElo "2201"]
[PlyCount "73"]
[EventDate "2011.08.??"]
[EventType "swiss"]
[EventRounds "9"]
[EventCountry "BUL"]

1. d4 d5 2. Nf3 Nf6 3. c4 c6 4. Nc3 e6 5. Bg5 h6 6. Bh4 dxc4 7. e4 g5 8. Bg3 b5
9. e5 Nd5 10. Ne4 Nd7 11. Be2 Bb4+ 12. Nfd2 c3 13. bxc3 Nxc3 14. Nxc3 Bxc3 15.
Rc1 Bxd4 16. Rxc6 Bb7 17. Rd6 Bc5 18. Rd3 Bxg2 19. Rg1 Bd5 20. Bh5 Qe7 21. Bf3
Nb6 22. Bxd5 Nxd5 23. Ne4 Rc8 24. Kf1 h5 25. h3 f5 26. exf6 Nxf6 27. Bd6 Bxd6
28. Nxd6+ Kf8 29. Nxc8 Qc5 30. Nd6 Ke7 31. Rgg3 g4 32. h4 Rf8 33. Qd2 Nd5 34.
Ne4 Qc4 35. Qg5+ Nf6 36. Qg7+ Rf7 37. Qxf7+ 1-0

[Event "26th open TETEVEN"]
[Site "Teteven"]
[Date "2011.08.21"]
[Round "9.13"]
[White "Dzanev, Georgi"]
[Black "Dereshki, Dario"]
[Result "1/2-1/2"]
[WhiteElo "2109"]
[BlackElo "1927"]
[PlyCount "44"]
[EventDate "2011.08.??"]
[EventType "swiss"]
[EventRounds "9"]
[EventCountry "BUL"]

1. d4 d5 2. c4 c6 3. Nc3 Nf6 4. Nf3 a6 5. cxd5 cxd5 6. Bf4 Nc6 7. Rc1 Bf5 8. h3
e6 9. e3 Bd6 10. Bxd6 Qxd6 11. Bd3 Bxd3 12. Qxd3 b5 13. O-O O-O 14. Rfd1 Rfd8
15. Qb1 Rac8 16. Nd2 Qb8 17. Qd3 Nd7 18. Nb3 Qb6 19. a4 b4 20. Ne2 Na7 21. Rd2
Rxc1+ 22. Nbxc1 Rc8 1/2-1/2

[Event "26th open TETEVEN"]
[Site "Teteven"]
[Date "2011.08.21"]
[Round "9.14"]
[White "Ninov, Dayan"]
[Black "Dragieva, Denitza"]
[Result "1/2-1/2"]
[WhiteElo "2094"]
[BlackElo "1885"]
[PlyCount "93"]
[EventDate "2011.08.??"]
[EventType "swiss"]
[EventRounds "9"]
[EventCountry "BUL"]

1. c4 e6 2. Nf3 d5 3. g3 c5 4. Qa4+ Nc6 5. Ne5 Qa5 6. Qxa5 Nxa5 7. cxd5 exd5 8.
Nc3 Be6 9. d4 a6 10. dxc5 Bxc5 11. Nd3 Ba7 12. Bg2 Rd8 13. O-O h6 14. Bf4 Nc6
15. Rfd1 Nf6 16. Na4 O-O 17. Nac5 g5 18. Be3 Bc8 19. Bd2 Rfe8 20. e3 Ne4 21.
Rac1 Rd6 22. Be1 f5 23. Nb3 d4 24. exd4 Nxd4 25. Nxd4 Rxd4 26. Nb4 Rxd1 27.
Rxd1 Be6 28. Bf3 Rc8 29. Nd5 Kf7 30. Nc3 Nxc3 31. Bxc3 Rc7 32. a3 g4 33. Bg2 b5
34. h3 h5 35. Rd2 Bc5 36. hxg4 hxg4 37. Ba5 Rc8 38. Bb7 Rb8 39. Bg2 Be7 40. Bd5
Bf6 41. Bg2 Be7 42. Bf1 Rc8 43. Be2 Rc1+ 44. Rd1 Rc2 45. Rd2 Rc1+ 46. Rd1 Rc2
47. Rd2 1/2-1/2

[Event "26th open TETEVEN"]
[Site "Teteven"]
[Date "2011.08.21"]
[Round "9.16"]
[White "Pantev, Tsvetelin"]
[Black "Burdarev, Evgeni"]
[Result "1/2-1/2"]
[WhiteElo "1824"]
[BlackElo "2012"]
[PlyCount "60"]
[EventDate "2011.08.??"]
[EventType "swiss"]
[EventRounds "9"]
[EventCountry "BUL"]

1. d4 e6 2. Nf3 Nf6 3. g3 b6 4. Bg2 Bb7 5. O-O Be7 6. c4 O-O 7. d5 exd5 8. Nh4
g6 9. cxd5 d6 10. Nc3 Nbd7 11. Bh6 Re8 12. Nf3 Ng4 13. Bf4 Bf6 14. Nd4 Nge5 15.
Rc1 a6 16. h3 b5 17. b3 Nc5 18. Re1 Bg7 19. b4 Ncd7 20. a4 bxa4 21. Nc6 Bxc6
22. dxc6 Nb6 23. Nxa4 Nxa4 24. Qxa4 Qb8 25. Bd5 Qc8 26. Qb3 Qxh3 27. Bxe5 Rxe5
28. Bxf7+ Kh8 29. Bd5 Rf8 30. Bf3 Rg5 1/2-1/2

[Event "26th open TETEVEN"]
[Site "Teteven"]
[Date "2011.08.21"]
[Round "9.18"]
[White "Daskalov, Emil"]
[Black "Stefanov, Emil"]
[Result "0-1"]
[WhiteElo "1951"]
[BlackElo "1702"]
[PlyCount "64"]
[EventDate "2011.08.??"]
[EventType "swiss"]
[EventRounds "9"]
[EventCountry "BUL"]

1. d4 Nf6 2. Nf3 c5 3. e3 d5 4. c3 Nc6 5. Qc2 g6 6. Nbd2 Bg7 7. dxc5 a5 8. Bb5
O-O 9. a4 Qc7 10. O-O Na7 11. Nb3 Ne4 12. c4 Bf5 13. Nfd4 Nxc5 14. Nxf5 Nxb3
15. Nxe7+ Qxe7 16. Qxb3 Nxb5 17. cxb5 d4 18. Bd2 dxe3 19. Bxe3 Qe5 20. Rab1
Rfd8 21. Rfd1 h5 22. Bb6 Rxd1+ 23. Qxd1 Qf6 24. Be3 Rd8 25. Qe1 Qd6 26. g3 h4
27. Bf4 Qd5 28. Qxa5 h3 29. f3 Bd4+ 30. Kf1 Qxf3+ 31. Ke1 Bf2+ 32. Kf1 Bxg3+
0-1